| 000 | 00691nam a22002537a 4500 | ||
|---|---|---|---|
| 003 | CHAP | ||
| 005 | 20220329140814.0 | ||
| 008 | 971013c19641960 r 00010 d | ||
| 010 | _a57898 | ||
| 011 | _a58870 | ||
| 035 | _a63026 | ||
| 040 | _cCHAP | ||
| 082 |
_a576.6 _bS84 |
||
| 100 | 0 | 0 |
_aStent, Gunther S. _9109653 |
| 245 | _aPapers on bacterial viruses | ||
| 260 |
_aLondon : _bMethuen, _c1964 (c.1960) |
||
| 300 |
_a365 p. _b: ilus. |
||
| 590 |
_aBATCH-UPD _b10 _c20130110 _lUCH01 _h1022 |
||
| 590 |
_aCONVERSION _b10 _c20130109 _lUCH01 _h1331 |
||
| 650 | 1 | 4 |
_aVirus. _9119936 |
| 901 | _aBK | ||
| 942 | _cLIBRO | ||
| 949 |
_a576.6 S84 _bBC _cLIBRO _d33724000423380 _eLIBRO _h8611 _i63026 _si |
||
| 999 |
_c57898 _d57898 |
||